Entry Nombre personal
001 - NÚMERO DE CONTROL
- campo de control: 1057
003 - IDENTIFICADOR DE NÚMERO DE CONTROL
- campo de control: AR-BaBN
005 - FECHA Y HORA DE LA ÚLTIMA TRANSACCIÓN
- campo de control: 20260415105744.0
008 - ELEMENTOS DE DATO DE LONGITUD-FIJA
- campo de control de longitud fija: 160826nn|acznnaabn|||||||||||a|aaa|||||
016 7# - NÚMERO DE CONTROL DE UNA AGENCIA BIBLIOGRÁFICA NACIONAL
- Número de control del registro: 000042991
- Fuente: AR-BaBN
024 7# - IDENTIFICADOR DE OTROS ESTÁNDARES
- Número estándar o código: 59313563
- Fuente: viaf
- URI de un objeto del mundo real: http://viaf.org/viaf/59313563
040 ## - FUENTE DE CATALOGACIÓN
- Centro catalogador/agencia de origen: AR-BaBN
- Lengua de catalogación: spa
- Centro/agencia transcriptor: AR-BaBN
- Normas de descripción: aacr
043 ## - CÓDIGO DE ÁREA GEOGRÁFICA
- Código de área geográfica: s-ag---
046 ## - FECHAS CON CODIFICACIÓN ESPECIAL
- Fecha de nacimiento: 1946-12-16
- Fuente del esquema de fecha: edtf
075 ## - TIPO DE ENTIDAD
- Término tipo de entidad: persona
- Fuente: rda
100 1# - ENCABEZAMIENTO-NOMBRE DE PERSONA
- Nombre de persona: Yofre, Juan Bautista,
- Fechas asociadas al nombre: 1946-
370 ## - LUGAR ASOCIADO
- Lugar de nacimiento: Córdoba (Provincia)
372 ## - CAMPO DE ACTIVIDAD
- Campo de actividad: Literatura
- Campo de actividad: Periodismo
- Campo de actividad: Política
374 ## - OCUPACIÓN
- Ocupación: Periodistas
- Ocupación: Escritores
- Ocupación: Políticos
375 ## - GÉNERO/SEXO
- Género: Varón
377 ## - IDIOMA ASOCIADO
- Código del idioma: spa
- Término de lengua/lenguaje: español
400 1# - TRAZADO DE VÉASE--NOMBRE DE PERSONA
- Nombre de persona: Yofre, Juan B.,
- Fechas asociadas al nombre: 1946-
400 1# - TRAZADO DE VÉASE--NOMBRE DE PERSONA
- Nombre de persona: Yofre, Tata,
- Fechas asociadas al nombre: 1946-
670 ## - FUENTE DE DATOS ENCONTRADOS
- Cita de la fuente: El escarmiento, la ofensiva de Perón contra Cámpora y los Montoneros, 2010:
- Información encontrada: port. (Juan Bautista Yofre)
670 ## - FUENTE DE DATOS ENCONTRADOS
- Cita de la fuente: 1982 Los documentos secretos de la guerra de Malvinas, 2011:
- Información encontrada: port. (Juan B. Yofre)
670 ## - FUENTE DE DATOS ENCONTRADOS
- Cita de la fuente: WWW Wkipedia, 26 ago. 2016:
- Información encontrada: (Juan Bautista Tata Yofre (n. 16 de diciembre de 1946); periodista, escritor y político argentino. Fue secretario de Inteligencia del Estado entre 1989-1990 y embajador durante el gobierno de Carlos Menem)
670 ## - FUENTE DE DATOS ENCONTRADOS
- Cita de la fuente: WWW Tiempo de San Juan.com, 26 ago. 2016:
- Información encontrada: 21 sept. 2012 ("Tata" Yofre, cordobés, nacido en 1946)
- Identificador Uniforme de Recurso: http://www.tiempodesanjuan.com/politica/2012/9/21/como-funcionaba-banda-tata-yofre-17852.html